00379nam a2200121Ia 4500003000400000005001700004008004100021040001800062041000800080100004900088245008600137260003400223OSt20260128101228.0211028s2017 xx 000 0 und d cAIMIT LIBRARY aeng aD Souza, Shaun Jason; Rose, Swapna.g1516148 aStudy on the working condition of employees of Hanuman motors pvt ltd ltd Udupi / aMangalorebSwapna Rose.c2017